| Tag |
First Indicator |
Second Indicator |
Subfields |
| LEADER |
00000cam a2200000 4500 |
| 001 |
in00000022340 |
| 005 |
20151007063943.0 |
| 008 |
721017s1934 nyu 00010 eng u |
| 010 |
|
|
|a 35000227
|
| 035 |
|
|
|a (OCoLC)00445731
|
| 035 |
|
|
|9 AAD8692AM
|
| 040 |
|
|
|c OUN
|d TXA
|d UtOrBLW
|
| 049 |
|
|
|a TXAM
|c [54349]
|
| 050 |
|
0 |
|a PN51
|b .S7
|
| 092 |
|
|
|a 809
|b S894
|
| 100 |
1 |
|
|a Strachey, John,
|d 1901-1963.
|
| 245 |
1 |
0 |
|a Literature and dialectical materialism /
|c by John Strachey.
|
| 264 |
|
1 |
|a New York :
|b Covici, Friede,
|c [1934]
|
| 264 |
|
4 |
|c [©1934]
|
| 300 |
|
|
|a 54 pages ;
|c 24 cm.
|
| 336 |
|
|
|a text
|b txt
|2 rdacontent
|
| 337 |
|
|
|a unmediated
|b n
|2 rdamedia
|
| 338 |
|
|
|a volume
|b nc
|2 rdacarrier
|
| 500 |
|
|
|a "This essay is revised and enlarged from the text of a lecture delivered, under the title Literature and fascism, before the John Reed club of New York."--page [4].
|
| 650 |
|
0 |
|a Literature, Modern
|x History and criticism.
|
| 650 |
|
0 |
|a Social problems in literature.
|
| 650 |
|
0 |
|a Fascism.
|
| 740 |
0 |
2 |
|a Dialectical materialism.
|
| 999 |
|
|
|a MARS
|
| 999 |
f |
f |
|s e814fcd5-d5d7-3a94-b7ff-8fa26771377e
|i 4689e252-b047-3186-89f4-108adb3f0677
|t 0
|
| 952 |
f |
f |
|p ric
|a Texas A&M University
|b Rellis Campus
|c Joint Library Facility
|d Remote Storage
|t 0
|e PN51 S7
|h Library of Congress classification
|i unmediated -- volume
|m A14801205781
|
| 998 |
f |
f |
|a PN51 S7
|t 0
|l Remote Storage
|